| 000 | 00317nam a2200109 4500 | ||
|---|---|---|---|
| 999 |
_c13660 _d13660 |
||
| 008 | 190401b ||||| |||| 00| 0 eng d | ||
| 245 | _aLeapfrogging productivity increase in agribusiness. | ||
| 260 |
_aPhilippines: _bManila Bulletin; _cc2018 |
||
| 300 | _apage B-2. | ||
| 650 | 0 |
_938025 _aAgriculture. |
|
| 942 |
_2ddc _cPER |
||